| 000 | 00953cab a2200253 4500 | ||
|---|---|---|---|
| 001 | ABS58137 | ||
| 008 | 090401t1998 xxu||||| |||| 00| 0 eng d | ||
| 035 | _a(Sirsi) u83362 | ||
| 041 | _aeng | ||
| 100 | _aBrandon, P. | ||
| 245 | 2 | _aA knowledge-based system for assessing applications for house renovation grants | |
| 260 | _c1998 | ||
| 350 | _a0 | ||
| 490 |
_aConstruction Management & Economics _v16(1) 1998, 57-69(13) |
||
| 520 | _aResearches the development of a knowledge-based expert system for supporting human experts in assessing applications for the house renovation grant system. (Taken from journal abstract). References. | ||
| 650 | _aASSESSMENTS | ||
| 650 | _aHOUSE RENOVATION GRANTS | ||
| 650 | _aKNOWLEDGE-BASED EXPERT SYSTEMS | ||
| 650 | _aLOCAL GOVERNMENT AND HOUSING ACT 1989 PART VIII | ||
| 690 | _aBUILDING AND CONSTRUCTION-REPAIRS AND MAINTENANCE | ||
| 700 | _aRebeiro, F. | ||
| 942 | _n0 | ||
| 948 | _c28/01/1998 | ||
| 999 |
_c52646 _d52646 |
||